Discursos leídos en el Paraninfo de la Universidad Central en el acto del homenaje al eminente catedrático de la Facultad de Medicina Excmo. Sr. D. Amalio Gimeno y Cabañas con motivo de su jubilación / (Registro nro. 54506)
[ vista simple ]
| 000 -LEADER | |
|---|---|
| campo de control de longitud fija | 01245nam a2200265 i 4500 |
| 001 - NÚMERO DE CONTROL | |
| campo de control | 54506 |
| 003 - IDENTIFICADOR DE NÚMERO DE CONTROL | |
| campo de control | ES-MaACL |
| 005 - FECHA Y HORA DE LA ÚLTIMA TRANSACCIÓN | |
| campo de control | 20260408135547.0 |
| 007 - CAMPO FIJO DE DESCRIPCIÓN FÍSICA--INFORMACIÓN GENERAL | |
| campo de control de longitud fija | t| |
| 008 - DATOS DE LONGITUD FIJA--INFORMACIÓN GENERAL | |
| campo de control de longitud fija | 900725s1920 sp ||||0| spa d |
| 245 00 - MENCIÓN DEL TÍTULO | |
| Título | Discursos leídos en el Paraninfo de la Universidad Central en el acto del homenaje al eminente catedrático de la Facultad de Medicina Excmo. Sr. D. Amalio Gimeno y Cabañas con motivo de su jubilación / |
| Mención de responsabilidad, etc. | por los Excmos. Señores D. José Francos Rodríguez, D. Amalio Gimeno y Cabañas, D. José Rodríguez Carracido. |
| 260 ## - PUBLICACIÓN, DISTRIBUCIÓN, ETC. | |
| Lugar de publicación, distribución, etc. | Madrid : |
| Nombre del editor, distribuidor, etc. | [s.n.], |
| Fecha de publicación, distribución, etc. | 1920 ( |
| Fabricante | Artes Gráf. Plus-Ultra) |
| 300 ## - DESCRIPCIÓN FÍSICA | |
| Extensión | 65 p., 1 retr. ; |
| Dimensiones | 26 cm. |
| 530 ## - NOTA DISPONIBLE DE FORMULARIO FÍSICO ADICIONAL | |
| Nota de formato físico adicional disponible | Disponible en formato digital. |
| 600 14 - PUNTO DE ACCESO ADICIONAL DE MATERIA--NOMBRE DE PERSONA | |
| Nombre de persona | Gimeno, Amalio, |
| Fechas asociadas al nombre | 1850-1936 |
| 9 (RLIN) | 57076 |
| 650 #7 - PUNTO DE ACCESO ADICIONAL DE MATERIA--TÉRMINO DE MATERIA | |
| Término de materia o nombre geográfico como elemento de entrada | Medicina |
| Fuente del encabezamiento o término | embne |
| 9 (RLIN) | 14891 |
| 700 1# - ENTRADA AGREGADA--NOMBRE PERSONAL | |
| Nombre de persona | Francos Rodríguez, José, |
| Fechas asociadas al nombre | 1862-1931 |
| 9 (RLIN) | 52286 |
| 700 1# - ENTRADA AGREGADA--NOMBRE PERSONAL | |
| Nombre de persona | Gimeno, Amalio, |
| Fechas asociadas al nombre | 1850-1936 |
| 9 (RLIN) | 57076 |
| 700 1# - ENTRADA AGREGADA--NOMBRE PERSONAL | |
| Nombre de persona | Rodríguez Carracido, José, |
| Fechas asociadas al nombre | 1856-1928 |
| 9 (RLIN) | 98407 |
| 710 2# - ENTRADA AGREGADA--NOMBRE DE ENTIDAD CORPORATIVA | |
| Nombre de entidad corporativa o nombre de jurisdicción como elemento de entrada | Universidad Central (Madrid) |
| 9 (RLIN) | 7084 |
| 852 ## - LOCALIZACIÓN | |
| Ubicación | ES-MaACL |
| Número de control de estantería | 1596-F-9 |
| itemnumber | 56598 |
| Ubicación en estantería | Depósito folletos |
| Nota libre | Revisado enlace: 31 de Marzo de 2025 |
| 856 4# - LOCALIZACIÓN Y ACCESO ELECTRÓNICOS | |
| Identificador Uniforme de Recursos | <a href="http://bdh-rd.bne.es/viewer.vm?id=0000206093&page=1">http://bdh-rd.bne.es/viewer.vm?id=0000206093&page=1</a> |
| Texto de enlace | Biblioteca Digital Hispánica |
| 942 ## - ELEMENTOS DE ENTRADA SECUNDARIOS (KOHA) | |
| Fuente del sistema de clasificación o colocación | Clasificación decimal universal |
| Estatus retirado | Estado de pérdida | Estado de daño | No para préstamo | Colección | Biblioteca de origen | Biblioteca actual | Ubicación en estantería | Fecha de adquisición | Fuente de adquisición | Total de préstamos | Signatura topográfica completa | Código de barras | Visto por última vez | Precio de reemplazo | Tipo de ítem Koha |
|---|---|---|---|---|---|---|---|---|---|---|---|---|---|---|---|
| Colección de folletos | Biblioteca del Ateneo de Madrid | Biblioteca del Ateneo de Madrid | Depósito folletos | 17/01/2008 | 1596-F-9 | 1057277 | 23/02/2023 | 23/02/2023 | Folleto |
